Herbs : (Record no. 17183)

MARC details
000 -LEADER
fixed length control field 01536cam a2200397 a 4500
001 - ACCESSION NUMBER
control field 22533
003 - CONTROL NUMBER IDENTIFIER
control field CUTN
005 - DATE AND TIME OF LATEST TRANSACTION
control field 20160726152320.0
008 - FIXED-LENGTH DATA ELEMENTS--GENERAL INFORMATION
fixed length control field 041102s2001 enka 001 0 eng
010 ## - LIBRARY OF CONGRESS CONTROL NUMBER
LC control number 2004558823
020 ## - INTERNATIONAL STANDARD BOOK NUMBER
International Standard Book Number 1552096246
020 ## - INTERNATIONAL STANDARD BOOK NUMBER
International Standard Book Number 1552096025 (CASED)
035 ## - SYSTEM CONTROL NUMBER
System control number (OCoLC)ocm47938231
040 ## - CATALOGING SOURCE
Original cataloging agency UKM
Transcribing agency UKM
Modifying agency BUF
-- AGL
-- OCLCQ
-- DLC
042 ## - AUTHENTICATION CODE
Authentication code lccopycat
050 00 - LIBRARY OF CONGRESS CALL NUMBER
Classification number SB351.H5
Item number L56 2001
082 04 - DEWEY DECIMAL CLASSIFICATION NUMBER
Classification number 635.7
Edition number 21
100 1# - MAIN ENTRY--PERSONAL NAME
Personal name Lima, Patrick.
245 10 - TITLE STATEMENT
Title Herbs :
Remainder of title the complete gardener's guide /
Statement of responsibility, etc text by Patrick Lima ; photographs and illustrations by Turid Forsyth.
246 30 - VARYING FORM OF TITLE
Title proper/short title Herbs, the complete gardener's guide
260 ## - PUBLICATION, DISTRIBUTION, ETC. (IMPRINT)
Place of publication, distribution, etc Willowdale, Ont. :
Name of publisher, distributor, etc Firefly,
Date of publication, distribution, etc 2001.
300 ## - PHYSICAL DESCRIPTION
Extent 222 p. :
Other physical details col. ill. ;
Dimensions 28 cm.
500 ## - GENERAL NOTE
General note Includes index.
650 #0 - SUBJECT ADDED ENTRY--TOPICAL TERM
Topical term or geographic name as entry element Herb gardening.
650 #0 - SUBJECT ADDED ENTRY--TOPICAL TERM
Topical term or geographic name as entry element Herb gardens.
650 #0 - SUBJECT ADDED ENTRY--TOPICAL TERM
Topical term or geographic name as entry element Cooking (Herbs)
700 1# - ADDED ENTRY--PERSONAL NAME
Personal name Forsyth, Turid.
856 42 - ELECTRONIC LOCATION AND ACCESS
Materials specified Contributor biographical information
Uniform Resource Identifier <a href="http://www.loc.gov/catdir/enhancements/fy0621/2004558823-b.html">http://www.loc.gov/catdir/enhancements/fy0621/2004558823-b.html</a>
856 42 - ELECTRONIC LOCATION AND ACCESS
Materials specified Publisher description
Uniform Resource Identifier <a href="http://www.loc.gov/catdir/enhancements/fy0621/2004558823-d.html">http://www.loc.gov/catdir/enhancements/fy0621/2004558823-d.html</a>
856 41 - ELECTRONIC LOCATION AND ACCESS
Materials specified Sample text
Uniform Resource Identifier <a href="http://www.loc.gov/catdir/enhancements/fy0621/2004558823-s.html">http://www.loc.gov/catdir/enhancements/fy0621/2004558823-s.html</a>
856 41 - ELECTRONIC LOCATION AND ACCESS
Materials specified Table of contents only
Uniform Resource Identifier <a href="http://www.loc.gov/catdir/enhancements/fy0621/2004558823-t.html">http://www.loc.gov/catdir/enhancements/fy0621/2004558823-t.html</a>
856 42 - ELECTRONIC LOCATION AND ACCESS
Materials specified Book review (E-STREAMS)
Uniform Resource Identifier <a href="http://www.e-streams.com/es0504/es0504_1823.htm">http://www.e-streams.com/es0504/es0504_1823.htm</a>
906 ## - LOCAL DATA ELEMENT F, LDF (RLIN)
a 7
b cbc
c copycat
d 2
e ncip
f 20
g y-gencatlg
942 ## - ADDED ENTRY ELEMENTS (KOHA)
Source of classification or shelving scheme Dewey Decimal Classification
Koha item type General Books
Holdings
Date last seen Total Checkouts Full call number Barcode Price effective from Koha item type Lost status Source of classification or shelving scheme Damaged status Not for loan Withdrawn status Home library Current library Shelving location Date acquired
26/07/2016   635.7 22533 26/07/2016 General Books   Dewey Decimal Classification       CUTN Central Library CUTN Central Library Sciences 26/07/2016